The Cure - Friday I'm in Love (All Lyrics) - Statistics

General Stats
  • This quiz has been taken 295 times
  • The average score is 187 of 235
Answer Stats
Answer % Correct
a
100%
Friday
100%
I
100%
in
100%
I'm
99%
love
99%
Monday
99%
Thursday
99%
Tuesday
99%
Wednesday
99%
do
98%
do-do
98%
you
97%
You
97%
It's
94%
it's
94%
and
92%
And
92%
can
92%
care
92%
don't
92%
if
92%
to
92%
To
92%
too
91%
about
90%
heart
89%
Monday's
89%
my
89%
blue
88%
break
86%
Tuesday's
86%
Saturday
85%
Sunday
85%
apart
83%
fall
83%
grey
81%
the
80%
doesn't
79%
even
79%
Oh
78%
oh
78%
oh-oh
78%
oh-oh-oh
78%
never
77%
start
77%
always
75%
Always
75%
at
75%
comes
75%
but
74%
But
74%
black
73%
late
73%
attack
70%
your
70%
back
68%
hesitate
68%
stay
68%
bed
67%
wait
66%
looking
65%
surprise
61%
see
60%
of
59%
watch
59%
instead
58%
hold
57%
head
55%
wonderful
53%
walls
52%
night
50%
eyes
49%
middle
49%
just
44%
spirits
43%
such
43%
get
42%
up
42%
this
41%
rise
40%
shoes
39%
sight
38%
round
37%
eat
35%
enough
35%
gorgeous
35%
As
34%
as
34%
spinning
33%
take
33%
smile
32%
yeah
32%
big
30%
sound
29%
Dressed
28%
Or
28%
bite
27%
out
27%
stuff
27%
sleek
23%
frown
21%
Throw
20%
shriek
18%
woah
12%
No matching quizzes found
Score Distribution
Percent of People with Each Score
Percentile by Number Answered
Your Score History
You have not taken this quiz